Will reform end the CDM paper chase? (Record no. 78392)

MARC details
000 -LEADER
fixed length control field 01170cab a2200217 4500
001 - CONTROL NUMBER
control field ##L136648
008 - FIXED-LENGTH DATA ELEMENTS--GENERAL INFORMATION
fixed length control field 070213n2007 000 0 eng u
035 ## - SYSTEM CONTROL NUMBER
System control number (Sirsi) u136648
041 0# - LANGUAGE CODE
Language code of text/sound track or separate title eng
100 1# - MAIN ENTRY--PERSONAL NAME
Personal name Crates, Emma
245 00 - TITLE STATEMENT
Title Will reform end the CDM paper chase?
260 ## - PUBLICATION, DISTRIBUTION, ETC.
Date of publication, distribution, etc. 2007
490 #0 - SERIES STATEMENT
Series statement Construction News
Volume/sequential designation (7004) 8 February 2007, 26-27(2)
520 ## - SUMMARY, ETC.
Summary, etc. Considers whether revisions to the Construction (Design and Management) (CDM) Regulations 1994 will cut back on bureaucracy and make construction sites safer. Highlights various problems with the current CDM Regulations, including the excessive use of paper-based systems, and stresses that designers should only pass on appropriate information under the new regime. Also looks at the new role of CDM co-ordinator (previously known as planning supervisor) and the importance the HSE is placing on it.
590 ## - LOCAL NOTE (RLIN)
Local note KA
650 24 - SUBJECT ADDED ENTRY--TOPICAL TERM
Topical term or geographic name entry element CONSTRUCTION (DESIGN AND MANAGEMENT) REGULATIONS 1994
650 24 - SUBJECT ADDED ENTRY--TOPICAL TERM
Topical term or geographic name entry element CONSTRUCTION (DESIGN AND MANAGEMENT) REGULATIONS 2007
651 #4 - SUBJECT ADDED ENTRY--GEOGRAPHIC NAME
Geographic name GREAT BRITAIN
690 ## - LOCAL SUBJECT ADDED ENTRY--TOPICAL TERM (OCLC, RLIN)
Topical term or geographic name as entry element BUILT ENVIRONMENT-CONSTRUCTION MANAGEMENT-CONSTRUCTION DESIGN AND MANAGEMENT
942 ## - ADDED ENTRY ELEMENTS (KOHA)
Suppress in OPAC 0
Holdings
Withdrawn status Lost status Source of classification or shelving scheme Damaged status Not for loan Home library Current library Shelving location Date acquired Total Checkouts Full call number Barcode Date last seen Copy number Price effective from Koha item type
    Dewey Decimal Classification     London London Journal article 13/02/2007   L136648 136648-1001 06/08/2019 1 06/08/2019 Journal article